Phương pháp dạy học bộ môn công tác đội Giáo trình Cao đẳng Sư phạm

Αποθηκεύτηκε σε:
Λεπτομέρειες βιβλιογραφικής εγγραφής
Κύριος συγγραφέας: Bùi Sỹ Tụng
Άλλοι συγγραφείς: Phan Nguyên Thái (Tác giả)
Μορφή: Βιβλίο
Γλώσσα:Vietnamese
Έκδοση: Thái Nguyên Đại học Sư phạm 2005
Σειρά:Phương pháp dạy học bộ môn công tác đội
Θέματα:
Ετικέτες: Προσθήκη ετικέτας
Δεν υπάρχουν, Καταχωρήστε ετικέτα πρώτοι!
Thư viện lưu trữ: Mạng thư viện Đại học Đà Nẵng
LEADER 01252nam a2200349 4500
001 000006587
003 2745
005 20120521160538.0
008 110914s2005 viesd
020 |c 0 
041 0 |a vie 
082 |a 335.540712  |b BU-T 
100 0 |a Bùi Sỹ Tụng 
245 0 |a Phương pháp dạy học bộ môn công tác đội  |b Giáo trình Cao đẳng Sư phạm  |c Bùi Sỹ Tụng chủ biên; Phan Nguyên Thái 
260 |a Thái Nguyên  |b Đại học Sư phạm  |c 2005 
300 |a 198 tr.  |c 24 cm. 
490 |a Phương pháp dạy học bộ môn công tác đội 
653 |a Pương pháp 
653 |a Dạy học 
653 |a Công tác đội 
700 |a Phan Nguyên Thái  |e Tác giả 
910 |a Huỳnh Thị Cẩm Lai  |d 14/09/2011 
OWN |a LSP 
AVA |a UDN50  |b LSP  |d 335.540712 BU-T  |e available  |t Error 5001 Not defined in file expand_doc_bib_avail.  |f 4  |g 0  |h N  |i 0  |k 1 
999 |a From the UDN01 
AVA |a UDN50  |b LSP  |d 335.540712 BU-T  |e available  |t Error 5001 Not defined in file expand_doc_bib_avail.  |f 4  |g 0  |h N  |i 0  |k 1 
TYP |a Monograph 
TYP |a Printed language 
980 |a Mạng thư viện Đại học Đà Nẵng